[Event "Alzira"]
[Site "Alzira"]
[Date "2010.02.10"]
[Round "2"]
[White "Bellon Lopez, Juan Manuel"]
[Black "Gongora Reyes, Maikel"]
[Result "0-1"]
[WhiteElo "2440"]
[BlackElo "2470"]
[PlyCount "116"]
[EventDate "2010.02.09"]
[EventType "tourn"]
[EventRounds "9"]
[EventCountry "ESP"]
[EventCategory "3"]
[SourceTitle "CBM 135 Extra"]
[Source "ChessBase"]
[SourceDate "2010.05.04"]
[SourceVersion "1"]
[SourceVersionDate "2010.05.04"]
[SourceQuality "1"]

1. d4 d5 2. Nf3 Nf6 3. c4 c6 4. Nc3 a6 5. a4 e6 6. e3 a5 7. Bd3 Na6 8. 0-0 Nb4 9. Ne5 Be7 10. b3 0-0 11. Bb2 b6 12. Rc1 Bb7 13. cxd5 Nxd3 14. Nxd3 exd5 15. Ne2 Bd6 16. Ng3 g6 17. Ne5 Rc8 18. Rc2 Qe7 19. Qe2 Nd7 20. e4 Nb8 21. Qg4 Qe6 22. Nf5 Bxe5 23. dxe5 c5 24. Qg3 d4 25. Re1 f6 26. exf6 Rxf6 27. Nh6+ Kh8 28. Rd2 Nc6 29. Ng4 Rf5 30. Qh4 Rf4 31. f3 Rcf8 32. Qg5 h5 33. Nf2 Kh7 34. Nd3 R4f5 35. Bc1 Ne5 36. Rdd1 Rxf3 37. Bf4 R3xf4 38. Nxf4 Qf6 39. Qxf6 Rxf6 40. Nd5 Rd6 41. Rf1 Kg7 42. Nc7 Bc6 43. Rd2 d3 44. Rc1 Kf7 45. Nd5 Bxd5 46. exd5 Rxd5 47. h3 Ke6 48. Kf2 Rd4 49. Rc3 Kd5 50. g3 g5 51. Rd1 Re4 52. Rcxd3+ Nxd3+ 53. Rxd3+ Ke5 54. Rc3 g4 55. h4 Kd4 56. Rc1 Re6 57. Rc4+ Kd3 58. Rc1 Kd2 0-1

[Event "Jaen 20th op"]
[Site "Jaen"]
[Date "2010.01.31"]
[Round "5.5"]
[White "Gongora Reyes, Maikel"]
[Black "Krasenkow, Michal"]
[Result "0-1"]
[WhiteElo "2470"]
[BlackElo "2656"]
[PlyCount "82"]
[EventDate "2010.01.31"]
[EventType "swiss (rapid)"]
[EventCountry "ESP"]
[SourceTitle "EXT 2024"]
[Source "ChessBase"]
[SourceDate "2023.10.10"]
[SourceVersion "1"]
[SourceVersionDate "2023.10.10"]
[SourceQuality "1"]

1. d4 Nf6 2. c4 g6 3. Nc3 d5 4. cxd5 Nxd5 5. e4 Nxc3 6. bxc3 Bg7 7. Nf3 c5 8. Rb1 0-0 9. Be2 b6 10. Be3 Bb7 11. e5 cxd4 12. cxd4 Be4 13. Rb2 Nc6 14. h4 f6 15. Rd2 Qd5 16. h5 g5 17. h6 Bh8 18. 0-0 Na5 19. Bxg5 fxg5 20. Nxg5 Rac8 21. Nxe4 Qxe4 22. Rd3 Rf4 23. Re3 Qc2 24. Rg3+ Kf8 25. Qe1 Rh4 26. Bd3 Qc6 27. Rf3+ Ke8 28. e6 Rxh6 29. Re3 Bxd4 30. Re4 Qd5 31. Qe2 Rc5 32. Qg4 Rg6 33. Qh3 Rg7 34. Rh4 Kd8 35. Rxh7 Rxh7 36. Qxh7 Qxe6 37. Rd1 Re5 38. Bf1 Nc6 39. Qc2 Re1 40. Rxe1 Qxe1 41. Qd1 Nb8 0-1

[Event "Jaen 20th op"]
[Site "Jaen"]
[Date "2010.01.31"]
[Round "3.5"]
[White "Gongora Reyes, Maikel"]
[Black "Rivas Pastor, Manuel"]
[Result "1/2-1/2"]
[WhiteElo "2470"]
[BlackElo "2531"]
[PlyCount "105"]
[EventDate "2010.01.31"]
[EventType "swiss (rapid)"]
[EventCountry "ESP"]
[SourceTitle "EXT 2024"]
[Source "ChessBase"]
[SourceDate "2023.10.10"]
[SourceVersion "1"]
[SourceVersionDate "2023.10.10"]
[SourceQuality "1"]

1. d4 e6 2. c4 b6 3. Nf3 Bb7 4. g3 Bb4+ 5. Nc3 Bxf3 6. exf3 Ne7 7. Bg2 0-0 8. f4 d5 9. 0-0 Bxc3 10. bxc3 Nbc6 11. Ba3 Re8 12. Re1 Na5 13. Bxe7 Rxe7 14. cxd5 exd5 15. Rxe7 Qxe7 16. Bxd5 Rd8 17. Bf3 g6 18. Qd3 Kg7 19. Kg2 Qe6 20. h4 Qc4 21. Qe3 Kf8 22. Re1 Kg8 23. f5 Qxa2 24. Qg5 f6 25. Qxf6 Rf8 26. Qe5 Rxf5 27. Qxc7 Qf7 28. Qd8+ Kg7 29. Re7 Rxf3 30. Rxf7+ Rxf7 31. Qd5 h5 32. Qe5+ Kh7 33. d5 Nb7 34. Qe6 Kg7 35. f3 Nc5 36. Qe5+ Kh7 37. Qd4 a5 38. g4 hxg4 39. fxg4 g5 40. hxg5 Kg6 41. Qe5 a4 42. Qd6+ Kxg5 43. Qxb6 Ne4 44. Qd4 Rf2+ 45. Kg1 Kf4 46. Qxa4 Rd2 47. c4 Ng5 48. Kf1 Nf3 49. Qa3 Rd1+ 50. Ke2 Rd2+ 51. Kf1 Ng5 52. Qa4 Kg3 53. Kg1 1/2-1/2

[Event "Ciego de Avila Jimenez Memorial 18th"]
[Site "Ciego de Avila"]
[Date "2009.11.16"]
[Round "12"]
[White "Gongora Reyes, Maikel"]
[Black "Gonzalez Vidal, Yuri"]
[Result "1-0"]
[WhiteElo "2461"]
[BlackElo "2530"]
[PlyCount "157"]
[EventDate "2009.11.05"]
[EventType "tourn"]
[EventRounds "14"]
[EventCountry "CUB"]
[EventCategory "8"]
[SourceTitle "EXT 2019"]
[Source "ChessBase"]
[SourceDate "2018.10.10"]
[SourceVersion "1"]
[SourceVersionDate "2018.10.10"]
[SourceQuality "1"]

1. d4 Nf6 2. c4 e6 3. Nf3 c5 4. d5 exd5 5. cxd5 d6 6. Nc3 g6 7. h3 Bg7 8. e4 a6 9. a4 Nbd7 10. Bd3 0-0 11. 0-0 Nh5 12. Bg5 Bf6 13. Be3 Ne5 14. Be2 Nxf3+ 15. Bxf3 Ng7 16. Qd2 Be5 17. Be2 f5 18. f4 Bxc3 19. bxc3 fxe4 20. g4 Bd7 21. a5 Qh4 22. Kg2 Rae8 23. Rab1 Bc8 24. Qe1 Qe7 25. c4 Rf7 26. Rb6 Ref8 27. Qc3 h5 28. Bc1 g5 29. f5 Bxf5 30. gxf5 Nxf5 31. Bb2 Nd4 32. Rxf7 Qxf7 33. Qe3 Nxe2 34. Qxe2 e3 35. Rb3 Qf2+ 36. Qxf2 Rxf2+ 37. Kg1 Rf3 38. Ba1 e2 39. Rb1 Rxh3 40. Kf2 Rh2+ 41. Kg3 Rh4 42. Kf3 Rxc4 43. Kxe2 Rb4 44. Rf1 Rf4 45. Rxf4 gxf4 46. Bc3 Kf7 47. Kf3 h4 48. Bd2 h3 49. Bxf4 Ke7 50. Kg4 c4 51. Kxh3 Kf6 52. Kg4 c3 53. Bxd6 c2 54. Bf4 c1Q 55. Bxc1 Ke5 56. Be3 Kxd5 57. Bb6 Ke4 58. Kg3 Ke5 59. Kf3 Kf5 60. Ke3 Ke5 61. Kd3 Kd5 62. Kc3 Kc6 63. Kc4 Kd6 64. Kd4 Kc6 65. Ke5 Kd7 66. Kd5 Kc8 67. Ke6 Kb8 68. Kd7 Ka8 69. Kd6 Kb8 70. Bd8 Kc8 71. Bc7 b6 72. axb6 Kb7 73. Kc5 a5 74. Kb5 a4 75. Kxa4 Ka6 76. Kb4 Kb7 77. Kb5 Ka8 78. Bf4 Kb7 79. Be3 1-0